Statistics for Famous F1 Corners

Click here to take the quiz!

General Stats

  • This quiz has been taken 635 times
  • The average score is 8 of 13

Answer Stats

Hint Answer % Correct
Variante AscariMonza
90%
StoweSilverstone
83%
TabacMonaco
80%
PouhonSpa
76%
130RSuzuka
76%
Wall of ChampionsGilles Villeneuve
71%
TamburelloImola
66%
Senna SInterlagos
65%
SachsHockenheimring
51%
WarsteinerNurburgring
50%
BrabhamMelbourne
45%
SeatCatalunya
34%
Parabolica InteriorEstoril
10%

Score Distribution

Percentile by Number Answered

Percent of People with Each Score

Your Score History

You have not taken this quiz